Statistics for Countries Without First or Last Letter Quiz #08

Click here to take the quiz!

General Stats

  • This quiz has been taken 64 times
  • The average score is 13 of 14

Answer Stats

Countries Without First or Last LettersFull Country Names% Correct
ahraiBahrain
100%
ijFiji
100%
lovakiSlovakia
100%
witzerlanSwitzerland
100%
urkmenistaTurkmenistan
100%
unisiTunisia
98%
anadCanada
97%
ermanGermany
97%
emeYemen
97%
uyanGuyana
95%
ra (the one with black in it's flag)Iraq
93%
ambi (the one with orange on it's flag)Zambia
93%
ain incen n h renadineSaint Vincent and the Grenadines
87%
alMali
83%

Score Distribution

Percentile by Number Answered

Percent of People with Each Score

Your Score History

You have not taken this quiz